Grants for the repair of historic buildings: a guide for practitioners prepared by the Planning and Development Division of the RICS (Record no. 88259)

MARC details
000 -LEADER
fixed length control field 00720cam a2200229 4500
001 - CONTROL NUMBER
control field D15439
008 - FIXED-LENGTH DATA ELEMENTS--GENERAL INFORMATION
fixed length control field 090401t1978 xxu||||| |||| 00| 0 eng d
022 ## - INTERNATIONAL STANDARD SERIAL NUMBER
International Standard Serial Number 0141-1462
035 ## - SYSTEM CONTROL NUMBER
System control number (Sirsi) u22841
041 ## - LANGUAGE CODE
Language code of text/sound track or separate title eng
050 ## - LIBRARY OF CONGRESS CALL NUMBER
Classification number 690.241026
090 ## - LOCALLY ASSIGNED LC-TYPE CALL NUMBER (OCLC); LOCAL CALL NUMBER (RLIN)
Classification number (OCLC) (R) ; Classification number, CALL (RLIN) (NR) RICS 1978/31ABD
110 ## - MAIN ENTRY--CORPORATE NAME
Corporate name or jurisdiction name as entry element Royal Institution of Chartered Surveyors
9 (RLIN) 4900
245 ## - TITLE STATEMENT
Title Grants for the repair of historic buildings: a guide for practitioners prepared by the Planning and Development Division of the RICS
260 ## - PUBLICATION, DISTRIBUTION, ETC.
Place of publication, distribution, etc. London
Name of publisher, distributor, etc. RICS
Date of publication, distribution, etc. 1978
300 ## - PHYSICAL DESCRIPTION
Extent (4)p. ; 30cm
350 ## - PRICE (NR) (BK AM CF MU VM SE) [OBSOLETE]
Price 0
490 ## - SERIES STATEMENT
Series statement RICS Planning and Development Practice Note
Volume/sequential designation 5
710 ## - ADDED ENTRY--CORPORATE NAME
Corporate name or jurisdiction name as entry element Planning and Development Division
9 (RLIN) 784
942 ## - ADDED ENTRY ELEMENTS (KOHA)
Suppress in OPAC 0
948 ## - LOCAL PROCESSING INFORMATION (OCLC); SERIES PART DESIGNATOR (RLIN)
c (OCLC) 04/03/1997
Holdings
Withdrawn status Lost status Source of classification or shelving scheme Damaged status Not for loan Home library Current library Shelving location Date acquired Total Checkouts Full call number Barcode Date last seen Copy number Price effective from Koha item type Date last checked out
    Dewey Decimal Classification     London London RICS Boxes 08/08/1991   RICS 1978/31 30005162 06/08/2019 1 06/08/2019 Reference material  
    Dewey Decimal Classification     London London RICS Boxes 22/08/1991   RICS 1978/31 30026353 06/08/2019 2 06/08/2019 Reference material  
    Dewey Decimal Classification     London London RICS Boxes 22/07/1994 1 RICS 1978/31 30042137 06/08/2019 3 06/08/2019 Book 07/11/2003